000 01001nam0a22002531 4500
001 rc\2872604
005 20260406083657.0
035 _a(NLR Aleph) 007025872
090 _a5954607
_c5954607
100 _a20110715d1932 |||y0rusy50 ca
101 0 _arus
102 _aRU
105 _ay z |||||
200 1 _aВопросы оседания кочевников
_eСборник статей и материалов
_fПод ред. С.М. Диманштейна
210 _aМосква
_cВласть Советов
_d1932
_g17 тип. треста "Полиграфкнига"
215 _aОбл., 88 с.
_d24х16 см
225 1 _aБиблиотека журнала "Революция и национальность"
702 1 _4340
_7ca
_8rus
_aДиманштейн
_bС. М.
_f1886-1938
_gСемен Маркович
_3RU\NLR\AUTH\770278413
_92650380
801 0 _aRU
_bNLR
_gpsbo
801 1 _aRU
_bELAR
_2rusmarc
852 _aNLR
_j32-11/2407
942 _cBOOK
980 _aNB